Competitive intelligence : (Record no. 345008)
[ view plain ]
| 000 -LEADER | |
|---|---|
| fixed length control field | 01057 a2200193 4500 |
| 020 ## - INTERNATIONAL STANDARD BOOK NUMBER | |
| International Standard Book Number | 0684844044 |
| 020 ## - INTERNATIONAL STANDARD BOOK NUMBER | |
| International Standard Book Number | 9780684844046 |
| 082 04 - DEWEY DECIMAL CLASSIFICATION NUMBER | |
| Classification number | 658.47 |
| 090 ## - LOCALLY ASSIGNED LC-TYPE CALL NUMBER (OCLC); LOCAL CALL NUMBER (RLIN) | |
| -- | 2513 |
| -- | 2513 |
| 100 1# - MAIN ENTRY--PERSONAL NAME | |
| Personal name | Kahaner, Larry. |
| 245 10 - TITLE STATEMENT | |
| Title | Competitive intelligence : |
| Remainder of title | how to gather, analyze, and use information to move your business to the top / |
| Statement of responsibility, etc. | Larry Kahaner. |
| 260 ## - PUBLICATION, DISTRIBUTION, ETC. | |
| Place of publication, distribution, etc. | [S.l.] : |
| Name of publisher, distributor, etc. | Touchstone, |
| Date of publication, distribution, etc. | 1998. |
| 300 ## - PHYSICAL DESCRIPTION | |
| Extent | 304 p. ; |
| Dimensions | 24 cm. |
| 500 ## - GENERAL NOTE | |
| General note | Paperback. |
| 520 ## - SUMMARY, ETC. | |
| Summary, etc. | This book takes readers beyond the Information Age and into the Age of Intelligence, explaining how to turn the raw facts, statistics, and numbers about competitors' activities and market trends into practical guidelines for making the right business decisions. "Help separate the useless from the useful".--"USA Today". BOMC Selection National print & radio publicity. . |
| 856 40 - ELECTRONIC LOCATION AND ACCESS | |
| Materials specified | Amazon.com |
| Uniform Resource Identifier | <a href="http://www.amazon.com/exec/obidos/ASIN/0684844044/chopaconline-20">http://www.amazon.com/exec/obidos/ASIN/0684844044/chopaconline-20</a> |
| 856 40 - ELECTRONIC LOCATION AND ACCESS | |
| Materials specified | Amazon customer reviews |
| Uniform Resource Identifier | <a href="http://www.chopac.org/cgi-bin/tools/azrev.pl?q=0684844044">http://www.chopac.org/cgi-bin/tools/azrev.pl?q=0684844044</a> |
| 942 ## - ADDED ENTRY ELEMENTS (KOHA) | |
| Institution code [OBSOLETE] | NBS |
| Koha item type | Book |
| Call number prefix | 658.47 KAH |
| Withdrawn status | Lost status | Damaged status | Not for loan | Permanent Location | Current Location | Date acquired | Total Checkouts | Full call number | Barcode | Date last seen | Price effective from | Koha item type |
|---|---|---|---|---|---|---|---|---|---|---|---|---|
| Central Library (CL) | Central Library (CL) | 08/28/2013 | 658.47 KAH | NBS5773 | 08/28/2013 | 08/28/2013 | Book |
